| 000 | 00467nam a2200181Ia 4500 | ||
|---|---|---|---|
| 003 | GCL | ||
| 008 | 140319s9999 xx 000 0 eng d | ||
| 020 | _a1 875498 33 8 | ||
| 040 |
_aGCL / _cGCL |
||
| 082 | 0 | 4 |
_a747.8 _bI I |
| 245 | 1 | 0 | _aINTERIOR SPACES OF EUROPE |
| 260 |
_aاستراليا : _bTHE IMAGES PUBLISHING GROUP PTY |
||
| 300 |
_a30 CM ؛ _c221 P |
||
| 650 | 0 | 4 | _aDESIGN |
| 650 | 0 | 4 | _aDESIGN - HOSPITAL |
| 650 | 0 | 4 | _aDESIGN - RESTURANTS |
| 942 |
_2ddc _cBK |
||
| 999 |
_c948 _d948 |
||